000 005690000a22001690004500
090 _aAR
_b01666
245 1 0 _aPatterns of microhabitat use and seed collection within populations of heteromyid rodents
650 1 4 _aEcología de poblaciones
_93557
650 1 4 _aDispersión de semillas
_992588
650 1 4 _aUso del hábitat
_93825
650 1 4 _aEtología
_97606
651 4 _lSaguaro
_dArizona
_pEstados Unidos
_992749
041 0 _aInglés
100 1 _aMcCloskey, Robert T.
_995085
942 _cARTICULO
773 1 _tCanadian Journal of Zoology
_3188
_h63
_q325-330
_d1985
999 _c10746
_d10746